Układ komórkowy - Statystyki

Ogólne statystyki
  • Ten quiz został rozwiązany 8 razy
  • Średni wynik to 4 z 5
Statystyki odpowiedzi
Zamiana Układ komórkowy % Poprawnych
Układy narządów= Organizm
100%
Tkanki = Narząd
88%
Komórki = Tkanka
88%
Komórka
75%
Narządy = Układ narządów
75%
Nie znaleziono quizów pasujących do podanych kryteriów
Rozkład punktacji
Procent ludzi z każdym wynikiem
Percentyl według liczby udzielonych odpowiedzi
Twoja historia wyników
Nie rozwiązałeś tego quizu